Lychnos et lucerna : catalogue raisonné d'une collection de lampes en terre cuite trouvées en Egypte /

محفوظ في:

المؤلف الرئيسي: Osborne, Alfred (مؤلف)

مؤلف مشترك: Société archéologique d'Alexandrie.

مؤلفون آخرون: Breccia, Evaristo, 1876-1967.

التنسيق: كتاب

اللغة: French

الموضوعات:

الوسوم: إضافة وسم

لا توجد وسوم, كن أول من يضع وسما على هذه التسجيلة!

رقم الطلب: ( P )NK4680 .O8 1980

LEADER 01319namaa2200337 4500
001 19921
003 OSt
005 20201215081544.0
008 130303s1980 ua af g c 000 0bfre d
952 |0 0  |1 0  |2 lcc  |4 0  |7 1  |9 8426  |a ARCE  |b ARCE  |d 2020-12-15  |l 0  |o ( P )NK4680 .O8 1980  |p 1028836  |r 2020-12-15 00:00:00  |w 2020-12-15  |y BK 
999 |c 16724  |d 16724 
010 |a 86969018 
040 |c ARCE Library 
043 |a f-ua--- 
050 0 4 |a ( P )NK4680 .O8 1980 
100 1 |a Osborne, Alfred,  |e author 
245 1 0 |a Lychnos et lucerna :  |b catalogue raisonné d'une collection de lampes en terre cuite trouvées en Egypte /  |c par Alfred Osborne ; préface du Ev. Breccia. 
264 1 |a Alexandrie :  |b [Société archéologique d'Alexandrie],  |c 1980. 
300 |a 18 pages, vii leaves of plates :  |b illustrations ;  |c 27 cm. 
336 |a text  |b txt  |2 rdacontent 
337 |a unmediated  |b n  |2 rdamedia 
338 |a volume  |b nc  |2 rdacarrier 
500 |a "Première édition, 1924"--Page [3] 
600 1 0 |a Osborne, Alfred  |x Archaeological collections  |v Catalogs. 
650 0 |a Lamps, Hellenistic  |z Egypt  |v Catalogs. 
650 0 |a Lamps, Roman  |z Egypt  |v Catalogs. 
651 0 |a Egypt  |x Antiquities  |v Catalogs. 
700 1 |a Breccia, Evaristo,  |d 1876-1967. 
710 2 |a Société archéologique d'Alexandrie. 
901 |a reviewed 
942 |c BK  |2 lcc